ملفو ظات قطب الا قطاب / (Record no. 196659)

MARC details
000 -LEADER
fixed length control field 00682nam a22001817a 4500
005 - DATE AND TIME OF LATEST TRANSACTION
control field 20230720110553.0
010 ## - LCCN (DPL NO)
LC control number UR-12092
020 ## - INTERNATIONAL STANDARD BOOK NUMBER
International Standard Book Number 9788195177943
Terms of availability 400.00
035 ## - SYSTEM CONTROL NUMBER
System control number U-10647
037 ## - SOURCE OF ACQUISITION
Source of stock number/acquisition DBAD/PUB
082 ## - DEWEY DECIMAL CLASSIFICATION NUMBER
Classification number 841
245 ## - TITLE STATEMENT
Title ملفو ظات قطب الا قطاب /
Statement of responsibility, etc قا ضی محمد مودود جون پوری
246 ## - VARYING FORM OF TITLE
Title proper/short title Malfuzat-e-Qutub-al-Aqtab /
Remainder of title compiled by Qazi Mohammad Maudood Jaunpuri
260 ## - PUBLICATION, DISTRIBUTION, ETC. (IMPRINT)
Place of publication, distribution, etc New Delhi
Name of publisher, distributor, etc Shah Abdul Aleem Aasi Foundation
Date of publication, distribution, etc 2022 ء
270 ## - ADDRESS
Address Samar Apartment, R-197/4th Floor, Jogabai Exn., Jamia Nagar, Okhla
City New Delhi
Postal code 110025
300 ## - PHYSICAL DESCRIPTION
Extent 280 ص
Dimensions 22cm(Hb)
942 ## - ADDED ENTRY ELEMENTS (KOHA)
Source of classification or shelving scheme Dewey Decimal Classification
Item type Urdu Bks
Call number suffix م ل ف
Edition
Classification part 841
Holdings
Withdrawn status Lost status Not for loan Collection code Home library Current library Date acquired Source of acquisition Cost, normal purchase price Full call number Barcode Copy number Cost, replacement price Koha item type
      Non-fiction Ashok Vihar Ashok Vihar 20/07/2023 DBAD/PUB 400.00 841 م ل ف U-10647 1 400.00 Urdu Bks

© Delhi Public Library
Hit Counter
free hit counter